[Event "GER-ch 72nd"]
[Site "Heringsdorf"]
[Date "2000.11.24"]
[Round "8"]
[White "Prusikin, Michael"]
[Black "Graf, Alexander"]
[Result "1/2-1/2"]
[WhiteElo "2460"]
[BlackElo "2642"]
[Annotator "Rabinovich,Al"]
[PlyCount "112"]
[EventDate "2000.11.17"]
[EventType "swiss"]
[EventRounds "9"]
[EventCountry "GER"]
[SourceTitle "CBM 080"]
[Source "ChessBase"]
[SourceDate "2001.01.25"]
[SourceVersion "1"]
[SourceVersionDate "2001.01.25"]
[SourceQuality "1"]

1. d4 Nf6 2. c4 e6 3. Nf3 b6 4. e3 Bb7 5. Bd3 (5. Nc3 g6 6. Bd3 c5 7. O-O Bg7
8. b3 (8. e4 $5) 8... O-O 9. Bb2 d6 (9... cxd4 10. exd4 d5 $1) 10. Qe2 a6 11.
Rfd1 Qc7 12. Rac1 Nbd7 {1-0 Chatalbashev,B-Iordachescu,V/Porto San Giorgio ITA
2000/The Week in Chess 303 (79) Black finished the developing and his position
looks promising.}) 5... d5 (5... Be7 6. O-O O-O 7. Nc3 d5 8. cxd5 exd5 9. b3
Nbd7 (9... Ne4 10. Bb2 Nd7 11. Rc1 c5 12. Ne2 Rc8 13. Ng3 g6 14. Qe2 Bf6 15.
Rfd1 Rc7 16. Rc2 Qe7 17. Rdc1 Rfc8 18. Ba3 $14 {1-0 Malaniuk,V-Sergeev,V/St
Petersburg RUS 2000/The Week in Chess 276 (59)}) 10. Bb2 a6 11. Rc1 Bd6 12. Ne2
Re8 13. Rc2 Ne4 14. Qc1 Rc8 15. Ng3 Ndf6 16. Rd1 g6 17. Ne5 $14 {[%csl Rc6]
1-0 Ehlvest,J-Gunawan,R/Bali INA 2000/The Week in Chess 286 (37)}) 6. O-O Bd6
7. Nc3 O-O 8. Qe2 {All this idea behind 4.e3 move is not to play e4 and to
releaze white's black square bishop.White tries to promote e4,after what black
has defenetly no problems.} Nbd7 9. e4 dxe4 (9... dxc4 10. Bxc4 e5 11. d5 a6
12. a4 Nh5 13. g3 g6 14. Bh6 Re8 15. Rac1 Qe7 16. Rc2 Kh8 17. Ne1 Nhf6 18. Bg5
Qf8 19. Ng2 Qg7 20. Qd2 Ng8 {1/2-1/2 Djuric,S-Giorgadze,G/Panormo 1998/CBM 67
ext (20)}) 10. Nxe4 e5 {Black chooses to fight,although his position wiil be
slightly worse.} (10... Nxe4 11. Bxe4 Bxe4 12. Qxe4 c5 {0-1 Berger,J-Alapin,S/
Vienna 1908/HCL (74) With equal position.It is funny,already in 1908 it was
known:White has nothing here. May be in the game white would be satisfied with
draw?!}) 11. Bg5 exd4 (11... Re8 $2 12. Nxf6+ gxf6 13. Bh6 e4 14. Nh4 $16) 12.
Nxd6 Bxf3 (12... cxd6 13. Nxd4 $14 {[%csl Gd3,Rd6,Gg5]}) 13. Qxf3 Ne5 (13...
cxd6 14. Rad1 $16) 14. Qf5 Qxd6 (14... Nxd3 15. Nb7 Qc8 16. Qxd3 Qxb7 17. Bxf6
gxf6 18. Qxd4 $16 {[%csl Rf6,Rf7,Rg8]}) 15. Bf4 Rfe8 16. Rfe1 $44 (16. Rae1 g6
17. Bxe5 gxf5 18. Bxd6 cxd6 19. Bxf5 {Leads almost to the same position as in
the game.}) 16... g6 $8 17. Bxe5 gxf5 18. Bxd6 cxd6 19. Bxf5 d5 (19... Re5 20.
g4 Rae8 21. Red1 Re2 22. Rxd4 Rxb2 (22... Ne4 $5) 23. Rxd6 Ree2 24. Rxf6 Kg7 (
24... Rxf2 25. Bxh7+ $18) 25. g5 Rxf2 26. Be4 $18) 20. cxd5 Rxe1+ 21. Rxe1 Rd8
22. Kf1 Rxd5 (22... Nxd5 23. Rd1 Nb4 24. a3 Nc6 $14) 23. Bd3 Kf8 $14 24. Rc1 {
[%cal Gc1c7]} Rc5 25. Rc4 $1 {[%cal Gc4d4]} Rd5 (25... Rxc4 26. Bxc4 $16 {
[%csl Rd4][%cal Gf1e2,Ge2d3]}) 26. Rc7 a5 {White's position is defenetly
better.The plan is 1.Bring the king to the center.2 .To prevent black knight
to get to good post,which can be c5 square. 3.Win one of pawns: b6,d4,h7.} 27.
Ke2 Rd6 28. Bc4 {[%csl Rf7]} Nd7 $8 29. f4 {Control over e5.} Kg7 {[%cal Gg7f6,
Gf6f5,Gf5g4]} 30. b3 $6 $14 (30. g4 $1 {Looks much stronger. The B will take
control over white squares,while pawns f4.g5 and h4 will take control over
black.Anyway white will have to push his pawns in order to get chances for win.
}) 30... h5 $1 31. a3 Kf6 32. g3 Kf5 33. b4 (33. Bb5 Ke6 $2 (33... Nc5 34.
Rxf7+ Kg4 (34... Kg6 35. Re7 d3+ 36. Kd1 Nxb3 37. h3 Nc5 38. g4 hxg4 39. hxg4
Rd4 40. Be8+ Kf6 41. Rf7+ Ke6 42. f5+ Kd5 $44 {[%cal Gd5c4,Gc4c3]}) 35. b4 axb4
(35... Ne4 36. Bd7+ $18) 36. axb4 d3+ 37. Kf2 d2 38. Kg2 $18 {[%cal Gh2h3,
Gb5e2]}) 34. Rxd7 Rxd7 35. Bxd7+ Kxd7 36. Kd3 $18) (33. Bxf7 d3+ 34. Kd2 Nf6
$132) 33... axb4 34. axb4 Kg4 (34... f6 35. Bb5 $1 Nf8 36. Re7 {[%csl Rf8]} Kg6
37. Bd3+ Kh6 38. Kf3 Ng6 39. Rc7 Re6 40. Be4 Ne7 (40... Rd6 41. b5 $18 {
[%csl Rg6,Rh6][%cal Gc7c6]}) 41. Rd7 f5 42. Bc2 $16) 35. Bxf7 d3+ 36. Kd2 Nf6 {
[%cal Gf6e4]} 37. Bg6 (37. b5 $1 Ne4+ 38. Ke3 d2 39. Bb3 $16 {[%cal Gb3d1,
Gd1g4]} d1=Q 40. Bxd1+ Rxd1 41. Kxe4 Rb1 42. Rg7+ Kh3 43. Rg5 Kxh2 44. Kf5
Rxb5+ 45. Kg6 Rb3 46. f5 $18 Rxg3) 37... h4 38. gxh4 (38. Bxd3 hxg3 39. hxg3
Kxg3 40. f5 Nd5 41. Rg7+ Kf4 42. Rg6 Ke5 43. Rxd6 Kxd6 44. b5 Ke5 $11 {[%cal
Gd5c7,Gc7b5]}) 38... Nd5 39. Rg7 Nxf4 40. Bxd3+ Kxh4 41. Rg3 Nd5 42. b5 Nc7 43.
Kc3 Rd5 44. Kb4 Rg5 {Easier was 44.Rd4+ with probably quick draw.} (44... Rd4+
45. Kc3 (45. Bc4 Rd2 46. Rg6 Rxh2 47. Rxb6 Nxb5 $11) 45... Rd5 46. Kb4) 45. Rf3
Nd5+ 46. Kc4 Nc7 47. Bf5 Rg2 48. Rh3+ Kg5 49. Bd3 Rg4+ 50. Kb3 Rh4 51. Rg3+ (
51. Rxh4 Kxh4 {[%cal Gh4h3]} 52. Bf1 Nxb5 $11) 51... Kf4 52. Bc4 Rxh2 {The
rest is clear.} 53. Rg6 Rh3+ 54. Kb4 Rh5 55. Rc6 (55. Rxb6 Rxb5+ 56. Bxb5 Nd5+)
55... Rc5 56. Rxb6 Rxb5+ 1/2-1/2

[Event "Mario Covas 1st"]
[Site "Santos"]
[Date "2001.02.04"]
[Round "7"]
[White "Limp, Eduardo Thelio"]
[Black "Hoffman, Alejandro"]
[Result "1/2-1/2"]
[WhiteElo "2462"]
[BlackElo "2473"]
[Annotator "Rabinovich,Al"]
[PlyCount "163"]
[EventDate "2001.01.29"]
[EventType "tourn"]
[EventRounds "11"]
[EventCountry "BRA"]
[EventCategory "8"]
[SourceTitle "CBM 082"]
[Source "ChessBase"]
[SourceDate "2001.05.17"]
[SourceVersion "1"]
[SourceVersionDate "2001.05.17"]
[SourceQuality "1"]

1. Nf3 Nf6 2. d4 c5 3. e3 e6 4. Be2 d5 5. O-O Nbd7 6. b3 b6 7. Bb2 (7. a4 $5 {
[%cal Ga4a5]}) 7... Bb7 8. c4 Be7 9. Nc3 O-O 10. Rc1 dxc4 11. bxc4 cxd4 12.
exd4 {[%csl Gc4,Gd4] The positions with hanging pawns are always full of life.
Let see the plans of both sides.White: 1.To place the Q on very comfortable
square-b3,from where she will control important square d5 and will be helpfull
also on the queenside. 2.To bring the rooks to the center.Here important to
choose between c1,d1 and e1.I think the best set up for the roks is d1+e1. 3.
To push the d-pawn as far as possible.It will gain white more space and will
open the dark square B.Black's plan: 1.To improve some pieces,the N on d7 is
placed bad-c6 is better square for him,from there to a5 attacking c4 pawn.2.To
bring the rooks to the game.The best set up is c8+d8 3.To control white breaks
in the center.} Re8 $6 13. Qb3 Nb8 14. Rfd1 Nc6 15. d5 $14 Na5 16. Qa4 exd5 (
16... Bd6 {[%cal Ge6e5]} 17. dxe6 Rxe6 18. Nd4 Re5 19. Ndb5 Ne8 20. c5 $2 (20.
Nxd6 Nxd6 21. Bf1 $16 {[%csl Gb2,Gf1][%cal Gd1d8]}) 20... Qg5) 17. cxd5 {
[%cal Ga4h4] White is much better,in addition to that white can bring the Q to
Kside and to start an attack at black K.} a6 18. d6 $6 {It was really
unnessasary.White enjoys from big space advantage.It was better just to keep
the pressure in the center.} (18. Ne5 {[%cal Ge5c6]} Bd6 19. Nc6 Bxc6 20. dxc6
Qc7 21. Qh4 Bf4 22. Rc2 Nxc6 23. Nd5 Nxd5 24. Rxd5 {[%csl Gb2,Ge2,Gh4][%cal
Gb2g7,Gc2c6,Gg2g3,Gd5d7,Gd5h5,Ge2d3] With very pleasant position.}) 18... Bxd6
19. Ba3 b5 (19... Ne4 $5 {Only computer machine can find this move.} 20. Bxd6 (
20. Nxe4 Rxe4 21. Qc2 Qe8 22. Bxd6 Rxe2 23. Qd3 Bxf3 24. Qxf3 Rd8 {And white
has to fight for a draw!}) (20. Rxd6 Nxd6 21. Rd1 Qf6 $19) 20... Nxc3 21. Rxc3
Rxe2 22. Qf4 (22. Bc7 Qe7 {[%cal Gb7f3]} 23. Bxb6 (23. Qh4 Bxf3 24. Qxe7 Rxe7
25. gxf3 Re6 26. Rb1 Rc8 27. Rd3 Nc4 $17) 23... Bxf3 24. gxf3 Re1+ $19) 22...
Bxf3 23. Qxf3 Qe8 $15) 20. Qh4 Bxa3 (20... Nd5 $5 21. Bxd6 Nxc3 22. Rxc3 Rxe2
$17 {[%cal Ga5c4]}) 21. Rxd8 Raxd8 $17 {[%csl Ga3,Gb7]} 22. Rd1 Rxd1+ (22...
Rc8 $1 {[%csl Rc3,Re2]} 23. Nb1 Rxe2 24. Nxa3 Rxa2 $17 {With big winning
chances for black.}) 23. Bxd1 Rc8 24. Ne2 $13 Rd8 25. Nfd4 Bd5 (25... Be4 $1 {
[%cal Ga5c4,Ga3c5]}) 26. Bc2 {White is trying to get some attack on black K.
The position is not clear-Black has enough material compensation for the Q,but
he should be carefful,since white attack can be strong.} Re8 27. h3 {Nessasary
move.} Bxa2 28. Ng3 {[%cal Gd4f5,Gg3h5]} Bd6 29. Ndf5 Be5 30. Nxg7 (30. Qg5 g6
31. Ne4 $36 Nxe4 32. Ne7+ Kg7 33. Qxe5+ Nf6 34. Nf5+ gxf5 35. Qg3+ Kh8 36. Qc3
Re6 37. Qxa5 Bc4 38. Bxf5 Rc6 $15) 30... Kxg7 31. Qg5+ Kh8 32. Nh5 Nxh5 33.
Qxh5 Kg7 34. Qg5+ (34. Qg4+ Kf8 (34... Kh8 35. Qd7 $1 Re6 36. Qd8+ Kg7 37. Qg5+
Kf8 38. Qd8+ Kg7 $11 (38... Re8 39. Qxa5 Bc4 40. Qxa6 {White can hold this
ending ,mostly because of the weak black K.})) 35. Qb4+ Kg8 36. Qxa5 Bc4 37.
Qxa6 {With good chances for a draw.}) 34... Kh8 35. Qf5 (35. Qh6 f5 36. Bxf5
Bg8 37. Qxa6 Nc4 38. Qxb5 Rd8 $15) 35... Kg8 36. Qxh7+ Kf8 37. Qh6+ Bg7 38.
Qxa6 Re1+ 39. Kh2 Be5+ 40. g3 Bd5 $17 41. Qc8+ $8 Kg7 42. Qg4+ Kf6 43. Qh4+ Ke6
44. Qg4+ f5 {The only chance to play for full point.} 45. Bxf5+ Kf6 46. f3 {
Forced.} Re2+ 47. Kg1 Nc4 48. Qg6+ $132 Ke7 49. Be4 Bxe4 50. fxe4 Nd6 $1 $15
51. Qh7+ Nf7 52. g4 Bd4+ (52... b4 53. g5 $44) 53. Kf1 Rf2+ 54. Ke1 b4 55. e5
$3 {Very important for white to get some counter chances!This move allows
white to bring the Q(if nessasary) to stop the b-P and also to push g5-g6 or
e6 with good surviving chances.} Rf4 $6 {After this move,black has to fight
for a draw.Probably he overevaluated his position.The right move was 55...b3} (
55... b3 56. Qd3 Nxe5 (56... b2 57. Qxd4 b1=Q+ 58. Kxf2) 57. Qxb3 Nf3+ 58. Kd1
$11) 56. g5 Bxe5 (56... Ke6 57. g6 Ng5 58. Qg8+ Kxe5 59. g7 $18) 57. g6 Bc3+
58. Ke2 b3 59. g7 (59. gxf7 b2 60. f8=Q+ Kxf8 61. Qh6+ Ke7 62. Qxf4 b1=Q 63.
Qc7+ Ke6 64. Qxc3 Qe4+ $11) 59... Bxg7 60. Qxg7 Rf6 61. Qg3 Re6+ 62. Kd2 Kf6 {
Black is not able to save the bP.} 63. Qxb3 Kg6 $4 {I guess it's just a
writing error.} 64. Qg3+ (64. Qxe6+) 64... Kh7 65. Kd3 Rg6 {Luckily for black
white can't break this castle.} 66. Qc7 {White tries to win,but after few
moves finds it "too hard" and the game after a very interesting struggle ends
as a draw.} Kg7 67. Qc3+ Rf6 68. Kd4 Kg6 69. Qg3+ Kh7 70. h4 Rd6+ 71. Ke4 Rg6
72. Qc7 Kg7 73. Qc3+ Rf6 74. h5 Ng5+ 75. Kd5 Nf7 76. Qb2 Nh6 77. Qd4 Nf7 78.
Qa1 Nh6 79. Qg1+ Kh7 80. Qa7+ Nf7 81. Qe7 Kg7 82. Kd4 1/2-1/2

[Event "Dubai op"]
[Site "Dubai"]
[Date "2001.04.19"]
[Round "5"]
[White "Safin, Shukhrat"]
[Black "Sturua, Zurab"]
[Result "1/2-1/2"]
[WhiteElo "2504"]
[BlackElo "2600"]
[Annotator "Rabinovich,Al"]
[PlyCount "53"]
[EventDate "2001.04.15"]
[EventType "swiss"]
[EventRounds "9"]
[EventCountry "UAE"]
[SourceTitle "CBM 083"]
[Source "ChessBase"]
[SourceDate "2001.07.05"]
[SourceVersion "1"]
[SourceVersionDate "2001.07.05"]
[SourceQuality "1"]

1. d4 Nf6 2. c4 e6 3. Nf3 b6 4. e3 {In my opinion this move doesn't promise
white much.Black can place all his pieces very comfortable and fight for the
center by playing c5.} Bb7 5. Bd3 d5 6. O-O Nbd7 (6... Bd6 7. cxd5 $6 exd5 8.
Nc3 O-O 9. b3 Re8 10. Bb2 Nbd7 11. Rc1 a6 12. Ne2 Ne4 13. Ng3 g6 {0-1
Neelotpal,D-Neverov,V/Dubai UAE 2001/The Week in Chess 337 (38) And black got
an easy game.}) 7. b3 Bd6 8. Bb2 O-O 9. Nc3 {[%csl Gb5] In several games white
exchanged on d5,what in my opinion is quiet bad for them.Black can bring the R
to e8 and to control defenetly the most important squares in this setup: e4
and e5.} (9. cxd5 $6 exd5 10. Nc3 Re8 11. Rc1 a6 $11 {[%cal Gf6e4,Ge8e4]}) 9...
a6 10. Rc1 Qe7 11. Nd2 $146 {Preventing from black N to enter e4 square.} (11.
Na4 $5 dxc4 12. bxc4 Ne4 13. c5 bxc5 14. Ne5 Rfd8 15. Nxd7 Rxd7 16. Bxe4 Bxe4
17. Nxc5 Bxc5 18. Rxc5 Qxc5 19. dxc5 Rxd1 20. Rxd1 f6 21. Bc3 Rb8 22. Ba5 Rb5
23. Bxc7 Rxc5 24. Rd8+ Kf7 25. Rd7+ Ke8 {1/2-1/2 Jussupow,A-Khalifman,A/
Germany 1994/GER-chT (25)}) 11... c5 (11... Ne4 12. Ncxe4 dxe4 13. Bxe4 Bxh2+
14. Kxh2 Qh4+ 15. Kg1 Bxe4 16. Nxe4 Qxe4 17. c5 bxc5 18. dxc5 Rfd8 19. Rc4 Qc6
20. Qg4 $14) 12. Qe2 {Forcing black to leave the R on a8 to protect the a6
pawn.} (12. cxd5 exd5 13. Bf5 Rfe8 $11) 12... Rfd8 13. Rfe1 (13. cxd5 exd5 14.
Bf5 cxd4 15. exd4 Re8 16. Qxe7 Rxe7 17. Rfe1 $11) 13... cxd4 (13... e5 $5 14.
Nxd5 Nxd5 15. cxd5 Bxd5 16. e4 Bb7 17. d5 b5 18. a4 c4 19. bxc4 bxa4 $132 {
[%cal Gd7c5]}) 14. exd4 Nf8 {[%cal Gf8g6,Gg6f4]} 15. cxd5 (15. Na4 dxc4 16.
bxc4 Qc7 17. h3 Qc6 18. Qf3 Bb4 $1 19. Red1 Bxd2 20. Rxd2 Qxf3 21. gxf3 b5 22.
cxb5 axb5 23. Bxb5 Bxf3 $15 {[%cal Gf8g6,Gg6f4,Gg6h4,Gf6d5]}) 15... Nxd5 {
[%cal Gd5f4]} 16. Nxd5 Bxd5 17. Nc4 Qg5 18. g3 Bb4 19. Red1 (19. Nxb6 Bxe1 20.
Nxa8 Bxf2+ 21. Qxf2 Rxa8 22. Rc7 Qh5 $11) (19. f4 Qe7 20. Red1 Qb7 $15) 19...
b5 20. Nb6 Ra7 21. Nxd5 (21. f4 $5 Qf6 22. a3 Bd6 23. Nxd5 exd5 24. Rc6 $14)
21... exd5 22. Qe3 {Both players play very carrefully and do not take any
risks. And after few moves in equal position they agree for a draw.} (22. a3 $5
) 22... Qf6 $11 23. Qe5 Qb6 24. a3 Be7 (24... Bd6 $5 25. Qf5 g6 26. Qf6 Ne6 $15
{[%csl Rd4][%cal Gd6f8,Gf8g7]}) 25. Bf1 {[%cal Gd1d4,Gf1g2,Gg2d5]} Bf6 26. Qe3
(26. Qf5 {[%csl Rd5][%cal Gc1c5,Gf1g2]} g6 27. Qf3 Bg7 {[%cal Gf8e6,Ge6d4]})
26... Rc7 27. Qd3 1/2-1/2

[Event "Dubai op"]
[Site "Dubai"]
[Date "2001.04.16"]
[Round "2"]
[White "Neelotpal, Das"]
[Black "Neverov, Valeriy"]
[Result "0-1"]
[WhiteElo "2423"]
[BlackElo "2562"]
[Annotator "Rabinovich,Al"]
[PlyCount "76"]
[EventDate "2001.04.15"]
[EventType "swiss"]
[EventRounds "9"]
[EventCountry "UAE"]
[SourceTitle "CBM 083"]
[Source "ChessBase"]
[SourceDate "2001.07.05"]
[SourceVersion "1"]
[SourceVersionDate "2001.07.05"]
[SourceQuality "1"]

{[%mdl 40]} 1. d4 Nf6 2. c4 e6 3. Nf3 b6 4. e3 {The alternative is 4.g3} Bb7 5.
Bd3 d5 (5... c5 6. O-O Be7 7. Nc3 cxd4 (7... O-O 8. d5 exd5 9. cxd5 Nxd5 (9...
d6 10. e4 Nbd7 11. h3 $14 {[%cal Gc1f4,Gf3d2,Gd2c4]}) 10. Nxd5 Bxd5 11. Bxh7+
Kxh7 12. Qxd5 $14) 8. exd4 d5 9. cxd5 Nxd5 10. Qe2 Nc6 11. Rd1 Nxc3 12. bxc3
O-O 13. c4 Bf6 14. Bb2 Re8 15. Ne5 {[%cal Ge2e4]} Rc8 $4 (15... Qc7 $14) 16.
Bxh7+ Kxh7 17. Qh5+ Kg8 18. Qxf7+ Kh7 19. Qxb7 $18 {1-0 Izeta Txabarri,
F-Yudasin,L/Las Palmas 1993/CBM 40 (72)}) 6. O-O Bd6 7. cxd5 (7. Nc3 O-O 8. b3
Nbd7 9. Bb2 c5 10. cxd5 exd5 11. Qe2 a6 12. Rfd1 b5 13. dxc5 Nxc5 14. Rac1 Re8
15. Bc2 Rc8 16. Bf5 Rc7 17. Qe1 b4 18. Ne2 Nce4 19. Rxc7 Qxc7 20. Rc1 Qd8 21.
Qd1 Re7 22. Nfd4 $14 {1/2-1/2 Ivanchuk,V-Gelfand,B/Novgorod 1996/CBM 54 (80)})
7... exd5 8. Nc3 O-O 9. b3 Re8 $146 {Usually black prefers to place the Q on
e7 to support the e4 square and to leave the rooks on c8 and d8. In this game
the R defends the N on e4 and the Q stays on d8. My opinion is that the setup
with Q on e7 promises black more,since the Q can influance also the Qside and
can help promoting c5.} 10. Bb2 Nbd7 11. Rc1 {[%cal Gc3b5]} a6 {Nessasary to
defend b5 square.} 12. Ne2 {Probably the best plan for white.} Ne4 13. Ng3 g6
14. Qc2 {[%cal Gf3e5]} Rc8 (14... Nxg3 15. hxg3 Qe7 {[%cal Ga8c8,Gc7c5]} 16.
Ne5 $14) 15. Qe2 a5 16. Rc2 (16. Bxe4 dxe4 17. Nd2 Qg5 18. Nc4 Bf8 $15 {
[%cal Gh7h5,Gh5h4]}) 16... h5 17. Rfc1 {White makes simple position moves,
while black gains some initiative on Kside.This game shows us the harmeless of
this line.Clearly white should look for advantage in 4.g3 line.} h4 18. Nf1 {
[%cal Gd3b5,Gf3e5]} c6 19. h3 {[%cal Gf1h2,Gh2g4,Gg4e5]} Rc7 20. N1h2 f5 $15 {
I can take a risk and say that black chances are already better.White faces
the difficalties in finding solid plan and just plays accuratly.Black N on e4
is very strong and in the near future white will have to exchange it.} 21. a3
Re6 $1 {[%cal Gg6g5,Ge6g6,Gd7f8,Gd7f6,Gc7g7]} 22. Nd2 Nxd2 23. Qxd2 Nf6 24. Nf3
Ne4 {White only got rid of privious N and already the second one enters the e4
square.} 25. Qe1 (25. Bxe4 fxe4 26. Ne5 Qg5 27. Kh1 {Probably was the best
white try.As long as the N is on e5 white position is o.k.If black wants to
play for full point he has to play c5 some time what will give white good
counterplay.}) 25... Qe7 {[%csl Ra3]} 26. Ne5 $2 {Loosing a pawn. After simple
27.a4 the position would stay complicated.} (26. a4 {[%csl Rb4][%cal Gf3e5]} g5
$36 {[%cal Ge6g6,Gg5g4]}) 26... Bxa3 27. Bxa3 Qxa3 28. Bb5 $2 {The best try
was to exchange the N on e4 and to play against the black K.} (28. Bxe4 fxe4
29. f4 Qe7 (29... exf3 30. Qxh4 $44 {[%cal Gh4d8]}) 30. g3 $44 {[%cal Gc2g2]})
28... Qxb3 29. Bxc6 Bxc6 30. Nxc6 Qa4 $19 31. Nd8 Rxc2 32. Nxe6 Rxc1 33. Qxc1
Qc4 34. Qb2 Qb4 35. Qe2 {[%cal Ge2a6,Ga6c8]} (35. Qxb4 axb4 36. Nf4 b3 37. Nd3
Nd2 {[%cal Gd2c4]} 38. Nb2 Nc4 39. Nd1 b2 $19) (35. Qc2 Qe1+ (35... Nc3 $1 36.
Nf4 a4 $19) 36. Kh2 Nxf2 $4 37. Qc8+ Kf7 38. Ng5+ Kg7 39. Qd7+ Kh6 40. Qh7+
Kxg5 41. Qe7+ Kh6 42. Qxh4+ Kg7 43. Qe7+ $11) 35... b5 {Now white is hopless.}
36. Nf4 Qc4 37. Qf3 Kf7 38. Ne2 a4 0-1